000 00806nas a2200277 4500
001 BR2010000616
003 BR-BrBNA
005 20231205113858.0
007 ta
008 230509b bl.|||p| |||| 00| 00por d
040 _aBR-BrBNA
_bpor
_cBiblioteca Nacional de Agricultura
041 _a(Pt)
072 _aL70
100 1 _aVerão, T.O.
100 1 _aSouza, A.I. de
100 1 _aBargamo, F.M.M.
100 1 _aMartins, A.M.Q.
100 1 _aOliveira, J.Q. de A.
245 1 _aObstrução urinária por cisto ósseo aneurismático no osso peniano de um cão
650 _aCÃO
650 _aURETRA
650 _aOSSO
773 0 _tCiência Rural (Brazil)
_xISSN 0103-8478
_g(Jan 2010), v. 40(1) p. 186-189
_wBR2010000616
909 _a202311
_bLúcia
_c55
_dLúcia Elande
942 _2AGRIS
_n0
_cANA
999 _c206079
_d206079